<?xml version="1.0" encoding="UTF-8"?>
<record
    xmlns:xsi="http://www.w3.org/2001/XMLSchema-instance"
    xsi:schemaLocation="http://www.loc.gov/MARC21/slim http://www.loc.gov/standards/marcxml/schema/MARC21slim.xsd"
    xmlns="http://www.loc.gov/MARC21/slim">

  <leader>00706nam a22001577a 4500</leader>
  <controlfield tag="003">OSt</controlfield>
  <controlfield tag="005">20151024151707.0</controlfield>
  <controlfield tag="008">151024b        xxu||||| |||| 00| 0 eng d</controlfield>
  <datafield tag="040" ind1=" " ind2=" ">
    <subfield code="c">RUA</subfield>
  </datafield>
  <datafield tag="082" ind1=" " ind2=" ">
    <subfield code="a">AVM SEN 2013 B106 Or.1</subfield>
  </datafield>
  <datafield tag="100" ind1=" " ind2=" ">
    <subfield code="9">2811</subfield>
    <subfield code="a">SENG, SOPHANA.</subfield>
  </datafield>
  <datafield tag="245" ind1=" " ind2=" ">
    <subfield code="a">survey on common disease of suckling piglet in pig farm at peareang district, preyveang province (&#x1780;&#x17B6;&#x179A;&#x17A2;&#x1784;&#x17D2;&#x1780;&#x17C1;&#x178F;&#x1787;&#x17C6;&#x1784;&#x17BA;&#x179B;&#x17BE;&#x1780;&#x17BC;&#x1793;&#x1787;&#x17D2;&#x179A;&#x17BC;&#x1780;&#x1780;&#x17C6;&#x17A1;&#x17BB;&#x1784;&#x1796;&#x17C1;&#x179B;&#x1794;&#x17C5;&#x178A;&#x17C4;&#x17C7; &#x1793;&#x17C5;&#x1780;&#x179F;&#x17B7;&#x178A;&#x17D2;&#x178B;&#x17B6;&#x1793; &#x179A;&#x17C9;&#x1793; &#x1785;&#x17B6;&#x1793;&#x17CB;&#x178E;&#x17B6;&#x1784; &#x179F;&#x17D2;&#x179A;&#x17BB;&#x1780;&#x1796;&#x17B6;&#x179A;&#x17B6;&#x17C6;&#x1784; &#x1781;&#x17C1;&#x178F;&#x17D2;&#x178F;&#x1796;&#x17D2;&#x179A;&#x17C3;&#x179C;&#x17C2;&#x1784;)</subfield>
  </datafield>
  <datafield tag="260" ind1=" " ind2=" ">
    <subfield code="a">Phnom Penh</subfield>
    <subfield code="b">RUA</subfield>
    <subfield code="c">2013</subfield>
  </datafield>
  <datafield tag="300" ind1=" " ind2=" ">
    <subfield code="a">ix, 40p.</subfield>
    <subfield code="b">ill.</subfield>
    <subfield code="c">29cm.</subfield>
  </datafield>
  <datafield tag="942" ind1=" " ind2=" ">
    <subfield code="2">ddc</subfield>
    <subfield code="c">AVM</subfield>
  </datafield>
  <datafield tag="999" ind1=" " ind2=" ">
    <subfield code="c">2630</subfield>
    <subfield code="d">2630</subfield>
  </datafield>
  <datafield tag="952" ind1=" " ind2=" ">
    <subfield code="0">0</subfield>
    <subfield code="1">0</subfield>
    <subfield code="2">ddc</subfield>
    <subfield code="4">0</subfield>
    <subfield code="6">AVM_SEN_2013_000000000000000_B106_OR_1</subfield>
    <subfield code="7">0</subfield>
    <subfield code="9">12277</subfield>
    <subfield code="a">LBB</subfield>
    <subfield code="b">LBB</subfield>
    <subfield code="c">B106</subfield>
    <subfield code="d">2015-10-24</subfield>
    <subfield code="l">1</subfield>
    <subfield code="m">1</subfield>
    <subfield code="o">AVM SEN 2013 B106 Or.1</subfield>
    <subfield code="p">RUA015998</subfield>
    <subfield code="r">2016-07-19</subfield>
    <subfield code="s">2016-07-05</subfield>
    <subfield code="w">2015-10-24</subfield>
    <subfield code="y">AVM</subfield>
  </datafield>
  <datafield tag="952" ind1=" " ind2=" ">
    <subfield code="0">0</subfield>
    <subfield code="1">0</subfield>
    <subfield code="2">ddc</subfield>
    <subfield code="4">0</subfield>
    <subfield code="6">AVM_SEN_2013_000000000000000_B106_OR_2</subfield>
    <subfield code="7">0</subfield>
    <subfield code="9">12278</subfield>
    <subfield code="a">LBB</subfield>
    <subfield code="b">LBB</subfield>
    <subfield code="c">B106</subfield>
    <subfield code="d">2015-10-24</subfield>
    <subfield code="o">AVM SEN 2013 B106 Or.2</subfield>
    <subfield code="p">RUA016407</subfield>
    <subfield code="r">2015-10-24</subfield>
    <subfield code="w">2015-10-24</subfield>
    <subfield code="y">AVM</subfield>
  </datafield>
  <datafield tag="952" ind1=" " ind2=" ">
    <subfield code="0">0</subfield>
    <subfield code="1">0</subfield>
    <subfield code="2">ddc</subfield>
    <subfield code="4">0</subfield>
    <subfield code="6">AVM_SEN_2013_000000000000000_B106_OR_3</subfield>
    <subfield code="7">0</subfield>
    <subfield code="9">12279</subfield>
    <subfield code="a">LBB</subfield>
    <subfield code="b">LBB</subfield>
    <subfield code="c">B106</subfield>
    <subfield code="d">2015-10-24</subfield>
    <subfield code="o">AVM SEN 2013 B106 Or.3</subfield>
    <subfield code="p">RUA018117</subfield>
    <subfield code="r">2015-10-24</subfield>
    <subfield code="w">2015-10-24</subfield>
    <subfield code="y">AVM</subfield>
  </datafield>
  <datafield tag="952" ind1=" " ind2=" ">
    <subfield code="0">0</subfield>
    <subfield code="1">0</subfield>
    <subfield code="2">ddc</subfield>
    <subfield code="4">0</subfield>
    <subfield code="6">AVM_SEN_2013_000000000000000_B106_OR_4</subfield>
    <subfield code="7">0</subfield>
    <subfield code="9">12280</subfield>
    <subfield code="a">LBB</subfield>
    <subfield code="b">LBB</subfield>
    <subfield code="c">B106</subfield>
    <subfield code="d">2015-10-24</subfield>
    <subfield code="l">3</subfield>
    <subfield code="o">AVM SEN 2013 B106 Or.4</subfield>
    <subfield code="p">RUA018045</subfield>
    <subfield code="r">2019-01-11</subfield>
    <subfield code="s">2019-01-02</subfield>
    <subfield code="w">2015-10-24</subfield>
    <subfield code="y">AVM</subfield>
  </datafield>
  <datafield tag="952" ind1=" " ind2=" ">
    <subfield code="0">0</subfield>
    <subfield code="1">0</subfield>
    <subfield code="2">ddc</subfield>
    <subfield code="4">0</subfield>
    <subfield code="6">AVM_SEN_2013_000000000000000_B106_OR_5</subfield>
    <subfield code="7">0</subfield>
    <subfield code="9">12281</subfield>
    <subfield code="a">LBB</subfield>
    <subfield code="b">LBB</subfield>
    <subfield code="c">B106</subfield>
    <subfield code="d">2015-10-24</subfield>
    <subfield code="l">5</subfield>
    <subfield code="m">2</subfield>
    <subfield code="o">AVM SEN 2013 B106 Or.5</subfield>
    <subfield code="p">RUA018483</subfield>
    <subfield code="r">2016-12-28</subfield>
    <subfield code="s">2016-12-07</subfield>
    <subfield code="w">2015-10-24</subfield>
    <subfield code="y">AVM</subfield>
  </datafield>
  <datafield tag="952" ind1=" " ind2=" ">
    <subfield code="0">0</subfield>
    <subfield code="1">0</subfield>
    <subfield code="2">ddc</subfield>
    <subfield code="4">0</subfield>
    <subfield code="6">AVM_SEN_2013_000000000000000_B106_OR_6</subfield>
    <subfield code="7">0</subfield>
    <subfield code="9">12282</subfield>
    <subfield code="a">LBB</subfield>
    <subfield code="b">LBB</subfield>
    <subfield code="c">B106</subfield>
    <subfield code="d">2015-10-24</subfield>
    <subfield code="l">1</subfield>
    <subfield code="o">AVM SEN 2013 B106 Or.6</subfield>
    <subfield code="p">RUA018411</subfield>
    <subfield code="r">2016-09-14</subfield>
    <subfield code="s">2016-07-20</subfield>
    <subfield code="w">2015-10-24</subfield>
    <subfield code="y">AVM</subfield>
  </datafield>
  <datafield tag="952" ind1=" " ind2=" ">
    <subfield code="0">0</subfield>
    <subfield code="1">0</subfield>
    <subfield code="2">ddc</subfield>
    <subfield code="4">0</subfield>
    <subfield code="6">AVM_SEN_2013_000000000000000_B106_OR_7</subfield>
    <subfield code="7">0</subfield>
    <subfield code="9">12283</subfield>
    <subfield code="a">LBB</subfield>
    <subfield code="b">LBB</subfield>
    <subfield code="c">B106</subfield>
    <subfield code="d">2015-10-24</subfield>
    <subfield code="l">2</subfield>
    <subfield code="o">AVM SEN 2013 B106 Or.7</subfield>
    <subfield code="p">RUA018399</subfield>
    <subfield code="r">2016-09-09</subfield>
    <subfield code="s">2016-08-05</subfield>
    <subfield code="w">2015-10-24</subfield>
    <subfield code="y">AVM</subfield>
  </datafield>
  <datafield tag="952" ind1=" " ind2=" ">
    <subfield code="0">0</subfield>
    <subfield code="1">0</subfield>
    <subfield code="2">ddc</subfield>
    <subfield code="4">0</subfield>
    <subfield code="6">AVM_SEN_2013_000000000000000_B106_OR_8</subfield>
    <subfield code="7">0</subfield>
    <subfield code="9">12284</subfield>
    <subfield code="a">LBB</subfield>
    <subfield code="b">LBB</subfield>
    <subfield code="c">B106</subfield>
    <subfield code="d">2015-10-24</subfield>
    <subfield code="l">4</subfield>
    <subfield code="o">AVM SEN 2013 B106 Or.8</subfield>
    <subfield code="p">RUA018339</subfield>
    <subfield code="r">2016-12-16</subfield>
    <subfield code="s">2016-12-12</subfield>
    <subfield code="w">2015-10-24</subfield>
    <subfield code="y">AVM</subfield>
  </datafield>
  <datafield tag="952" ind1=" " ind2=" ">
    <subfield code="0">0</subfield>
    <subfield code="1">0</subfield>
    <subfield code="2">ddc</subfield>
    <subfield code="4">0</subfield>
    <subfield code="6">AVM_SEN_2013_000000000000000_B1_238_OR_1</subfield>
    <subfield code="7">0</subfield>
    <subfield code="9">78948</subfield>
    <subfield code="a">LBB</subfield>
    <subfield code="b">LBB</subfield>
    <subfield code="c">B1.238</subfield>
    <subfield code="d">2019-06-19</subfield>
    <subfield code="o">AVM SEN 2013 B1.238 Or.1</subfield>
    <subfield code="p">A40687</subfield>
    <subfield code="r">2019-06-19</subfield>
    <subfield code="w">2019-06-19</subfield>
    <subfield code="y">AVM</subfield>
  </datafield>
  <datafield tag="952" ind1=" " ind2=" ">
    <subfield code="0">0</subfield>
    <subfield code="1">0</subfield>
    <subfield code="2">ddc</subfield>
    <subfield code="4">0</subfield>
    <subfield code="6">AVM_SEN_2013_000000000000000_B1_238_OR_2</subfield>
    <subfield code="7">0</subfield>
    <subfield code="9">78949</subfield>
    <subfield code="a">LBB</subfield>
    <subfield code="b">LBB</subfield>
    <subfield code="c">B1.238</subfield>
    <subfield code="d">2019-06-19</subfield>
    <subfield code="o">AVM SEN 2013 B1.238 Or.2</subfield>
    <subfield code="p">A41083</subfield>
    <subfield code="r">2019-06-19</subfield>
    <subfield code="w">2019-06-19</subfield>
    <subfield code="y">AVM</subfield>
  </datafield>
</record>
